| 000 | 00373nam a2200133Ia 4500 | ||
|---|---|---|---|
| 008 | 220217s9999||||xx |||||||||||||| ||und|| | ||
| 020 | _a81-203-2085-9 | ||
| 082 | _a621.381 5 SOM | ||
| 100 |
_aNair, Somanathan, B _92632 |
||
| 245 | 0 | _aElectronic devices and applications | |
| 260 |
_aPrentice hall of india _bNew Delhi _c2002 |
||
| 300 | _b279 | ||
| 650 | _aCIRCUITRY | ||
| 999 |
_c169507 _d169507 |
||